Online
Catalog

Historia y crítica de la literatura española / (Record no. 5756)

MARC details
000 -CABECERA
campo de control de longitud fija 02824cam a2200589 a 4500
001 - NÚMERO DE CONTROL
campo de control 000005960
005 - FECHA Y HORA DE LA ÚLTIMA TRANSACCIÓN
campo de control 20200929151848.0
008 - DATOS DE LONGITUD FIJA--INFORMACIÓN GENERAL
campo de control de longitud fija 910703k19791992sp b 001 0 spa d
020 ## - NÚMERO INTERNACIONAL ESTÁNDAR DEL LIBRO
Número Internacional Estándar del Libro 8474231140 (v. 1)
020 ## - NÚMERO INTERNACIONAL ESTÁNDAR DEL LIBRO
Número Internacional Estándar del Libro 8474234875 (v. 1)
020 ## - NÚMERO INTERNACIONAL ESTÁNDAR DEL LIBRO
Número Internacional Estándar del Libro 8474231396 (v. 2)
020 ## - NÚMERO INTERNACIONAL ESTÁNDAR DEL LIBRO
Número Internacional Estándar del Libro 8474234883 (v. 2/1)
020 ## - NÚMERO INTERNACIONAL ESTÁNDAR DEL LIBRO
Número Internacional Estándar del Libro 8474231930 (v. 3)
020 ## - NÚMERO INTERNACIONAL ESTÁNDAR DEL LIBRO
Número Internacional Estándar del Libro 8474235472 (v. 3/1)
020 ## - NÚMERO INTERNACIONAL ESTÁNDAR DEL LIBRO
Número Internacional Estándar del Libro 8474232120 (v. 4)
020 ## - NÚMERO INTERNACIONAL ESTÁNDAR DEL LIBRO
Número Internacional Estándar del Libro 8474235464 (v. 4/1)
020 ## - NÚMERO INTERNACIONAL ESTÁNDAR DEL LIBRO
Número Internacional Estándar del Libro 847423185X (v. 5)
020 ## - NÚMERO INTERNACIONAL ESTÁNDAR DEL LIBRO
Número Internacional Estándar del Libro 8474236460 (v. 5/1)
020 ## - NÚMERO INTERNACIONAL ESTÁNDAR DEL LIBRO
Número Internacional Estándar del Libro 8474231086 (v. 6)
020 ## - NÚMERO INTERNACIONAL ESTÁNDAR DEL LIBRO
Número Internacional Estándar del Libro 8474236304 (v. 6/1)
020 ## - NÚMERO INTERNACIONAL ESTÁNDAR DEL LIBRO
Número Internacional Estándar del Libro 8474232317 (v. 7)
020 ## - NÚMERO INTERNACIONAL ESTÁNDAR DEL LIBRO
Número Internacional Estándar del Libro 8474231469 (v. 8)
020 ## - NÚMERO INTERNACIONAL ESTÁNDAR DEL LIBRO
Número Internacional Estándar del Libro 8474235456 (v. 9)
040 ## - FUENTE DE LA CATALOGACIÓN
Centro catalogador/agencia de origen DO-SdBNP
Lengua de catalogación spa
Centro/agencia transcriptor LC
Centro/agencia modificador BNPHU
082 ## - NÚMERO DE LA CLASIFICACIÓN DECIMAL DEWEY
Número de clasificación 860.9
Número de documento/Ítem H673
049 ## - FONDOS LOCALES (OCLC)
Fondos de biblioteca BNGR
245 00 - MENCIÓN DE TÍTULO
Título Historia y crítica de la literatura española /
Mención de responsabilidad, etc. al cuidado de Francisco Rico.
260 ## - PUBLICACIÓN, DISTRIBUCIÓN, ETC.
Lugar de publicación, distribución, etc. Barcelona :
Nombre del editor, distribuidor, etc. Crítica,
Fecha de publicación, distribución, etc. 1979-1992.
300 ## - DESCRIPCIÓN FÍSICA
Extensión 9 v. ;
Dimensiones 20 cm.
490 1# - MENCIÓN DE SERIE
Mención de serie Páginas de filología
500 ## - NOTA GENERAL
Nota general La biblioteca posee 9 volumenes.
504 ## - NOTA DE BIBLIOGRAFÍA, ETC.
Nota de bibliografía, etc. Incluye referencia bibliográfica e índice.
505 0# - NOTA DE CONTENIDO CON FORMATO
Información miscelánea V.1.
Mención de responsabilidad Alan Deyermond.
Título Edad media. --
Información miscelánea V.1 t.1.
Mención de responsabilidad Alan Deyermond.
Título Edad media: primer suplemento. --
Información miscelánea V.2.
Mención de responsabilidad Francisco López Estrada.
Título Siglos de oro: renacimiento. --
Información miscelánea V.2 t.1.
Mención de responsabilidad Francisco López Estrada
Título Siglos de oro: renacimiento: primer suplemento
Información miscelánea V.3.
Mención de responsabilidad Bruce W. Wardropper.
Título Siglos de oro: barroco. --
Información miscelánea V.3 t.1.
Mención de responsabilidad Aurora Egido.
Título Siglos de oro: barroco: primer suplemento. --
505 0# - NOTA DE CONTENIDO CON FORMATO
Información miscelánea V.4.
Mención de responsabilidad José Miguel Caso González.
Título Ilustración y neoclasicismo. --
Información miscelánea V.4. t.1.
Mención de responsabilidad David T. Gies y Russell P. Sebold.
Título Ilustración y neoclasicismo: primer suplemento. --
Información miscelánea V.5.
Mención de responsabilidad Iris M. Zavala.
Título Romanticismo y realismo. --
Información miscelánea V.5 t.1.
Mención de responsabilidad Iris M. Zavala.
Título Romanticismo y realismo: primer suplemento. --
Información miscelánea V.6.
Mención de responsabilidad José Carlos Mainer.
Título Modernismo y 98
Información miscelánea V.6 t.1.
Mención de responsabilidad José Carlos Mainer.
Título Modernismo y 98: primer suplemento
Información miscelánea V.7.
Mención de responsabilidad Víctor G. de la Concha.
Título Época contemporánea: 1914-1939
Información miscelánea V.8.
Mención de responsabilidad Domingo Ynduráin.
Título Época contemporánea: 1939-1980
Información miscelánea V.9.
Mención de responsabilidad Darío Villanueva.
Título Los nuevos nombres: 1975-1990
650 #4 - PUNTO DE ACCESO ADICIONAL DE MATERIA--TÉRMINO DE MATERIA
Término de materia o nombre geográfico como elemento de entrada Literatura española
Subdivisión general Historia y crítica
9 (RLIN) 3904
700 1# - PUNTO DE ACCESO ADICIONAL--NOMBRE DE PERSONA
Nombre de persona Deyermon, Alan
9 (RLIN) 16787
700 1# - PUNTO DE ACCESO ADICIONAL--NOMBRE DE PERSONA
Nombre de persona López Estrada, Francisco
9 (RLIN) 15559
700 1# - PUNTO DE ACCESO ADICIONAL--NOMBRE DE PERSONA
Nombre de persona Wardropper, Bruce W.
9 (RLIN) 16788
700 1# - PUNTO DE ACCESO ADICIONAL--NOMBRE DE PERSONA
Nombre de persona Egido, Aurora
9 (RLIN) 10573
700 1# - PUNTO DE ACCESO ADICIONAL--NOMBRE DE PERSONA
Nombre de persona Caso González, José Miguel
9 (RLIN) 16789
700 1# - PUNTO DE ACCESO ADICIONAL--NOMBRE DE PERSONA
Nombre de persona Gies, David T.
9 (RLIN) 16790
700 1# - PUNTO DE ACCESO ADICIONAL--NOMBRE DE PERSONA
Nombre de persona Sebold, Russell P.
9 (RLIN) 16791
700 1# - PUNTO DE ACCESO ADICIONAL--NOMBRE DE PERSONA
Nombre de persona Zavala, Iris M.
9 (RLIN) 16792
700 1# - PUNTO DE ACCESO ADICIONAL--NOMBRE DE PERSONA
Nombre de persona Mainer, José Carlos
9 (RLIN) 13715
700 1# - PUNTO DE ACCESO ADICIONAL--NOMBRE DE PERSONA
Nombre de persona Concha, Víctor G. de la
9 (RLIN) 16793
700 1# - PUNTO DE ACCESO ADICIONAL--NOMBRE DE PERSONA
Nombre de persona Ynduráin, Domingo
9 (RLIN) 15505
700 1# - PUNTO DE ACCESO ADICIONAL--NOMBRE DE PERSONA
Nombre de persona Villanueva, Darío
9 (RLIN) 16794
700 1# - PUNTO DE ACCESO ADICIONAL--NOMBRE DE PERSONA
Nombre de persona Rico, Francisco,
Término indicativo de función/relación dir.
9 (RLIN) 7816
830 #0 - PUNTO DE ACCESO ADICIONAL DE SERIE-TÍTULO UNIFORME
Título uniforme Páginas de filología
9 (RLIN) 16795
910 ## - DATOS DE OPCIÓN DEL USUARIO (OCLC)
Datos de opción del usuario Catalogación derivada
910 ## - DATOS DE OPCIÓN DEL USUARIO (OCLC)
Datos de opción del usuario WM
Holdings
Estado de retiro Estado de pérdida Restricciones de uso No para préstamo Código de colección Localización permanente Ubicación/localización actual Ubicación en estantería Fecha de adquisición Número de inventario Total de préstamos Signatura topográfica completa Código de barras Fecha visto por última vez Precio válido a partir de Tipo de ítem Koha
    Préstamo interno   Monografías: Libros y Folletos General General Depósito 24.08.2009 LF1   860.9 H673 | v.1 5960-10 25.06.2020 25.06.2020 Préstamo interno
    Préstamo interno   Monografías: Libros y Folletos General General Depósito 24.08.2009 LF1   860.9 H673 | v.5/1 5960-100 25.06.2020 25.06.2020 Préstamo interno
    Préstamo interno   Monografías: Libros y Folletos General General Depósito 24.08.2009 LF1   860.9 H673 | v.6 5960-110 25.06.2020 25.06.2020 Préstamo interno
    Préstamo interno   Monografías: Libros y Folletos General General Depósito 24.08.2009 LF1   860.9 H673 | v.6/1 5960-120 25.06.2020 25.06.2020 Préstamo interno
    Préstamo interno   Monografías: Libros y Folletos General General Depósito 24.08.2009 LF1   860.9 H673 | v.9 5960-130 25.06.2020 25.06.2020 Préstamo interno
    Préstamo interno   Monografías: Libros y Folletos General General Depósito 25.08.2009 LF1   860.9 H673 | v.7 5960-140 25.06.2020 25.06.2020 Préstamo interno
    Préstamo interno   Monografías: Libros y Folletos General General Depósito 25.08.2009 LF1   860.9 H673 | v.8 5960-150 25.06.2020 25.06.2020 Préstamo interno
    Préstamo interno   Monografías: Libros y Folletos General General Depósito 27.01.2010 LF1   860.9 H673 | v.6 e. 2 5960-160 25.06.2020 25.06.2020 Préstamo interno
    Préstamo interno   Monografías: Libros y Folletos General General Depósito 24.02.2010 LF1   860.9 H673 | v.6 e. 3 5960-170 25.06.2020 25.06.2020 Préstamo interno
    Préstamo interno   Monografías: Libros y Folletos General General Depósito 24.08.2009 LF1   860.9 H673 | v.1/1 5960-20 25.06.2020 25.06.2020 Préstamo interno
    Préstamo interno   Monografías: Libros y Folletos General General Depósito 24.08.2009 LF1   860.9 H673 | v.2 5960-30 25.06.2020 25.06.2020 Préstamo interno
    Préstamo interno   Monografías: Libros y Folletos General General Depósito 24.08.2009 LF1   860.9 H673 | v.2/1 5960-40 25.06.2020 25.06.2020 Préstamo interno
    Préstamo interno   Monografías: Libros y Folletos General General Depósito 24.08.2009 LF1   860.9 H673 | v.3 5960-50 25.06.2020 25.06.2020 Préstamo interno
    Préstamo interno   Monografías: Libros y Folletos General General Depósito 24.08.2009 LF1   860.9 H673 | v.3/1 5960-60 25.06.2020 25.06.2020 Préstamo interno
    Préstamo interno   Monografías: Libros y Folletos General General Depósito 24.08.2009 LF1   860.9 H673 | v.4 5960-70 25.06.2020 25.06.2020 Préstamo interno
    Préstamo interno   Monografías: Libros y Folletos General General Depósito 24.08.2009 LF1   860.9 H673 | v.4/1 5960-80 25.06.2020 25.06.2020 Préstamo interno
    Préstamo interno   Monografías: Libros y Folletos General General Depósito 24.08.2009 LF1   860.9 H673 | v.5 5960-90 25.06.2020 25.06.2020 Préstamo interno

Powered by Koha